History Quiz

Random History or War Quiz

Military Post Locations Quiz Stats

 Plays Quiz Updated Aug 14, 2019

Score 0/20 Timer 05:00
1 Play Today
Fort State Resides In % Correct
Fort HoodTexas
85%
Fort KnoxKentucky
73.8%
Fort BraggNorth Carolina
73.1%
Fort LeavenworthKansas
63.3%
Fort BenningGeorgia
59%
Fort DixNew Jersey
44%
Fort HuachucaArizona
34.8%
Fort SillOklahoma
32.8%
Fort DrumNew York
32.3%
Fort Leonard WoodMissouri
31.9%
Fort State Resides In % Correct
Fort LewisWashington
27.4%
Fort JacksonSouth Carolina
25.9%
Fort CarsonColorado
25.6%
Fort PolkLouisiana
21.3%
Fort EustisVirginia
20.6%
Fort DetrickMaryland
17.9%
Fort McClellanAlabama
17.4%
Fort WainwrightAlaska
16.2%
Fort ShafterHawaii
12%
Fort McCoyWisconsin
10.9%

You're not logged in!

Compare scores with friends on all Sporcle quizzes.
OR
Log In

Sporcle TV

Today on Sporcle TV


Watch our educational content, quiz creation guides, and fun videos on Sporcle TV.

Show Comments

Extras

Top Quizzes Today


Score Distribution

Your Account Isn't Verified!

In order to create a playlist on Sporcle, you need to verify the email address you used during registration. Go to your Sporcle Settings to finish the process.

Report this User

Report this user for behavior that violates our Community Guidelines.

Details: